[Event "DEM U16 2020"]
[Site "Willingen GER"]
[Date "2020.10.22"]
[Round "4"]
[White "Hinrichs, Paul"]
[Black "Deuer, Marius"]
[Result "0-1"]
[Termination "normal"]
[Board "5"]
[WhiteElo "2168"]
[BlackElo "2209"]
[WhiteClock "00:39:26"]
[BlackClock "00:01:09"]
[PlyCount "116"]
[WhiteFideId "12942545"]
[BlackFideId "16236432"]
[EventCountry "GER"]
[EventRounds "7"]
[EventType "swiss"]
[EventDate "2020.10.19"]

1. d4 {[%clk 1:30:57]} Nf6 {[%clk 1:30:55]} 2. c4 {[%clk 1:31:23]} e6 {[%clk
1:31:20]} 3. Nc3 {[%clk 1:31:50]} Bb4 {[%clk 1:31:46]} 4. e3 {[%clk 1:32:16]}
b6 {[%clk 1:32:10]} 5. Nge2 {[%clk 1:32:30]} c5 {[%clk 1:32:32]} 6. a3 {[%clk
1:32:48]} Ba5 {[%clk 1:32:57]} 7. Rb1 {[%clk 1:33:00]} Na6 {[%clk 1:33:18]} 8.
g3 {[%clk 1:33:18]} Bb7 {[%clk 1:21:21]} 9. d5 {[%clk 1:33:27]} b5 {[%clk
1:14:53]} 10. b3 {[%clk 1:32:52]} Ne4 {[%clk 1:01:59]} 11. Bd2 {[%clk 1:32:54]}
Nxd2 {[%clk 0:56:44]} 12. Qxd2 {[%clk 1:33:12]} exd5 {[%clk 0:54:56]} 13. Bg2
{[%clk 1:32:51]} O-O {[%clk 0:53:24]} 14. O-O {[%clk 1:32:15]} bxc4 {[%clk
0:38:54]} 15. bxc4 {[%clk 1:32:00]} Rb8 {[%clk 0:38:38]} 16. cxd5 {[%clk
1:27:59]} d6 {[%clk 0:35:00]} 17. Qc2 {[%clk 1:21:17]} Bc8 {[%clk 0:23:51]} 18.
Nb5 {[%clk 1:18:06]} Bb6 {[%clk 0:21:31]} 19. Nec3 {[%clk 1:15:09]} Nc7 {[%clk
0:20:28]} 20. Rfd1 {[%clk 1:09:26]} Nxb5 {[%clk 0:18:57]} 21. Nxb5 {[%clk
1:09:02]} Qf6 {[%clk 0:18:40]} 22. Qc3 {[%clk 1:06:39]} Qe7 {[%clk 0:10:48]}
23. a4 {[%clk 1:05:37]} a6 {[%clk 0:09:28]} 24. Na3 {[%clk 1:05:37]} Bd7 {[%clk
0:09:35]} 25. a5 {[%clk 1:04:28]} Bc7 {[%clk 0:09:59]} 26. Bf1 {[%clk 1:04:32]}
Bf5 {[%clk 0:05:21]} 27. Rxb8 {[%clk 1:03:27]} Rxb8 {[%clk 0:05:43]} 28. Bxa6
{[%clk 1:03:43]} Ra8 {[%clk 0:05:41]} 29. Bd3 {[%clk 1:04:07]} Bxa5 {[%clk
0:06:04]} 30. Qc2 {[%clk 1:04:02]} Bxd3 {[%clk 0:02:39]} 31. Qxd3 {[%clk
1:04:28]} Bc7 {[%clk 0:02:10]} 32. Nc4 {[%clk 1:03:48]} f6 {[%clk 0:01:00]} 33.
e4 {[%clk 1:01:11]} Re8 {[%clk 0:00:59]} 34. f3 {[%clk 1:01:33]} Qd7 {[%clk
0:00:41]} 35. Kg2 {[%clk 1:00:18]} Ra8 {[%clk 0:00:44]} 36. Rd2 {[%clk
1:00:25]} Qb5 {[%clk 0:00:33]} 37. f4 {[%clk 1:00:21]} Ra4 {[%clk 0:00:41]} 38.
Rc2 {[%clk 1:00:38]} Qb1 {[%clk 0:00:46]} 39. e5 {[%clk 0:59:09]} Ra2 {[%clk
0:00:39]} 40. Ne3 {[%clk 0:57:51]} Rxc2+ {[%clk 0:00:36]} 41. Nxc2 {[%clk
0:58:05]} dxe5 {[%clk 0:26:44]} 42. Qc4 {[%clk 1:26:20]} Bd6 {[%clk 0:22:31]}
43. fxe5 {[%clk 1:25:55]} fxe5 {[%clk 0:15:36]} 44. h4 {[%clk 1:20:37]} g6
{[%clk 0:05:04]} 45. Qe4 {[%clk 1:09:55]} Kg7 {[%clk 0:04:26]} 46. g4 {[%clk
1:04:50]} Qb5 {[%clk 0:01:31]} 47. g5 {[%clk 1:03:17]} c4 {[%clk 0:00:44]} 48.
Qf3 {[%clk 1:00:47]} Qd7 {[%clk 0:00:34]} 49. Ne3 {[%clk 0:57:30]} c3 {[%clk
0:00:36]} 50. Ng4 {[%clk 0:56:16]} Qf5 {[%clk 0:00:57]} 51. Nf2 {[%clk
0:44:07]} Qxf3+ 52. Kxf3 {[%clk 0:44:25]} Bc5 {[%clk 0:00:33]} 53. Nd3 {[%clk
0:41:14]} Bd4 {[%clk 0:00:56]} 54. Ke4 {[%clk 0:38:27]} Kf7 {[%clk 0:01:14]}
55. Nb4 {[%clk 0:38:33]} Ke7 {[%clk 0:00:49]} 56. Kd3 {[%clk 0:38:39]} Kd6
{[%clk 0:01:04]} 57. Kc4 {[%clk 0:39:01]} Bf2 {[%clk 0:00:46]} 58. Kxc3 {[%clk
0:39:26]} Be1+ {[%clk 0:01:09]} 0-1

[Event "DEM U16 2020"]
[Site "Willingen GER"]
[Date "2020.10.22"]
[Round "4"]
[White "Lohvinov, Petro"]
[Black "Mainka, Alwin"]
[Result "1-0"]
[Termination "normal"]
[Board "6"]
[WhiteElo "2152"]
[BlackElo "1954"]
[WhiteClock "00:01:09"]
[BlackClock "00:27:57"]
[PlyCount "167"]
[WhiteFideId "14176661"]
[BlackFideId "16241177"]
[EventCountry "GER"]
[EventRounds "7"]
[EventType "swiss"]
[EventDate "2020.10.19"]

1. e4 {[%clk 1:30:57]} c5 {[%clk 1:30:54]} 2. Nf3 {[%clk 1:31:22]} d6 {[%clk
1:31:18]} 3. d4 {[%clk 1:31:48]} cxd4 {[%clk 1:31:42]} 4. Nxd4 {[%clk 1:32:14]}
Nf6 {[%clk 1:32:03]} 5. Nc3 {[%clk 1:32:39]} g6 {[%clk 1:32:26]} 6. Be3 {[%clk
1:33:01]} Bg7 {[%clk 1:32:45]} 7. f3 {[%clk 1:33:26]} O-O {[%clk 1:32:55]} 8.
Qd2 {[%clk 1:33:54]} Nc6 {[%clk 1:33:02]} 9. O-O-O {[%clk 1:34:14]} d5 {[%clk
1:32:52]} 10. Kb1 {[%clk 1:34:05]} Nxd4 {[%clk 1:33:01]} 11. e5 {[%clk
1:34:25]} Nf5 {[%clk 1:32:56]} 12. exf6 {[%clk 1:34:41]} exf6 {[%clk 1:32:59]}
13. Nxd5 {[%clk 1:34:44]} Nxe3 {[%clk 1:25:39]} 14. Qxe3 {[%clk 1:34:58]} Be6
{[%clk 1:22:52]} 15. Bc4 {[%clk 1:34:05]} f5 {[%clk 1:06:59]} 16. Nc3 {[%clk
1:34:09]} Qf6 {[%clk 1:05:35]} 17. Bxe6 {[%clk 1:34:21]} fxe6 {[%clk 1:02:08]}
18. Rd6 {[%clk 1:23:16]} Rfe8 {[%clk 1:01:35]} 19. Re1 {[%clk 1:18:20]} Kf7
{[%clk 1:01:25]} 20. Red1 {[%clk 0:55:17]} b6 {[%clk 0:57:33]} 21. Qd3 {[%clk
0:49:40]} Re7 {[%clk 0:49:55]} 22. Qb5 {[%clk 0:33:35]} Qe5 {[%clk 0:43:07]}
23. Qc6 {[%clk 0:33:21]} Rae8 {[%clk 0:41:49]} 24. g3 {[%clk 0:32:23]} g5
{[%clk 0:38:22]} 25. Qc4 {[%clk 0:28:15]} Rb7 {[%clk 0:31:23]} 26. g4 {[%clk
0:17:57]} Qc5 {[%clk 0:29:10]} 27. Qa6 {[%clk 0:05:05]} Rc7 {[%clk 0:28:39]}
28. R6d3 {[%clk 0:05:20]} Bxc3 {[%clk 0:19:37]} 29. Rxc3 {[%clk 0:05:23]} Qe5
{[%clk 0:19:17]} 30. Rxc7+ {[%clk 0:05:44]} Qxc7 {[%clk 0:19:42]} 31. a3 {[%clk
0:01:33]} Re7 {[%clk 0:18:52]} 32. Qd3 {[%clk 0:00:44]} Kf6 {[%clk 0:17:37]}
33. Rd2 {[%clk 0:00:33]} Qf4 {[%clk 0:16:44]} 34. Qc3+ {[%clk 0:00:37]} Qe5
{[%clk 0:16:26]} 35. Qd3 {[%clk 0:00:32]} Qe1+ {[%clk 0:15:30]} 36. Ka2 {[%clk
0:00:33]} Qe5 {[%clk 0:15:50]} 37. Kb1 {[%clk 0:00:53]} Qf4 {[%clk 0:14:03]}
38. Qc3+ {[%clk 0:01:01]} Kg6 {[%clk 0:13:31]} 39. Qd3 {[%clk 0:01:14]} Kh6
{[%clk 0:11:09]} 40. Qd8 {[%clk 0:00:35]} Rf7 {[%clk 0:09:35]} 41. gxf5 {[%clk
0:15:56]} Rxf5 {[%clk 0:35:19]} 42. Qd7 {[%clk 0:11:45]} Rf6 {[%clk 0:35:03]}
43. Rd3 {[%clk 0:10:03]} Qxh2 {[%clk 0:33:19]} 44. Qxa7 {[%clk 0:10:19]} Qg1+
{[%clk 0:33:41]} 45. Ka2 {[%clk 0:10:31]} Qc5 {[%clk 0:34:05]} 46. Rd2 {[%clk
0:08:11]} Qc4+ {[%clk 0:33:14]} 47. b3 {[%clk 0:06:58]} Qf4 {[%clk 0:33:39]}
48. Rd7 {[%clk 0:06:23]} Qf5 {[%clk 0:30:45]} 49. Qc7 {[%clk 0:05:17]} e5
{[%clk 0:30:38]} 50. Rd2 {[%clk 0:04:23]} Qf4 {[%clk 0:29:28]} 51. Rd7 {[%clk
0:04:47]} Qf5 {[%clk 0:29:39]} 52. Rd2 {[%clk 0:04:47]} Qf4 {[%clk 0:29:58]}
53. Rd7 {[%clk 0:01:18]} Qf5 {[%clk 0:30:15]} 54. a4 {[%clk 0:00:31]} Qg6
{[%clk 0:30:18]} 55. Rd2 {[%clk 0:00:36]} Qh5 {[%clk 0:27:27]} 56. Qxe5 {[%clk
0:01:04]} Qxf3 {[%clk 0:27:47]} 57. Rh2+ {[%clk 0:01:26]} Kg6 {[%clk 0:27:53]}
58. Qe8+ {[%clk 0:01:35]} Rf7 {[%clk 0:28:08]} 59. Qg8+ {[%clk 0:01:42]} Rg7
{[%clk 0:28:28]} 60. Qe6+ {[%clk 0:01:52]} Qf6 {[%clk 0:28:48]} 61. Rh6+ {[%clk
0:02:04]} Kxh6 {[%clk 0:29:13]} 62. Qxf6+ {[%clk 0:02:30]} Rg6 {[%clk 0:29:39]}
63. Qf2 {[%clk 0:02:48]} g4 {[%clk 0:29:45]} 64. Qh4+ {[%clk 0:02:42]} Kg7
{[%clk 0:30:04]} 65. Qg3 {[%clk 0:02:57]} h5 {[%clk 0:30:19]} 66. b4 {[%clk
0:02:50]} Kh6 {[%clk 0:29:59]} 67. a5 {[%clk 0:01:45]} bxa5 {[%clk 0:30:12]}
68. b5 {[%clk 0:01:47]} Kg5 {[%clk 0:30:34]} 69. Qe5+ {[%clk 0:01:42]} Kh4
{[%clk 0:30:32]} 70. Qh2+ {[%clk 0:02:11]} Kg5 {[%clk 0:30:52]} 71. c4 {[%clk
0:02:13]} h4 {[%clk 0:31:07]} 72. c5 {[%clk 0:00:50]} g3 {[%clk 0:31:32]} 73.
Qg2 {[%clk 0:01:12]} Rf6 {[%clk 0:31:29]} 74. Qd5+ {[%clk 0:00:37]} Kg4 {[%clk
0:30:45]} 75. c6 {[%clk 0:00:37]} Rf2+ {[%clk 0:30:55]} 76. Kb3 {[%clk
0:00:43]} Rf3+ {[%clk 0:31:18]} 77. Kc4 {[%clk 0:00:37]} g2 {[%clk 0:30:47]}
78. c7 {[%clk 0:00:43]} Rf4+ {[%clk 0:29:32]} 79. Kd3 {[%clk 0:00:47]} Kg3
{[%clk 0:29:00]} 80. c8=Q {[%clk 0:00:42]} Rf3+ {[%clk 0:28:04]} 81. Kc2 {[%clk
0:00:31]} Rf2+ {[%clk 0:28:07]} 82. Kd3 {[%clk 0:00:43]} Rf3+ {[%clk 0:28:03]}
83. Qxf3+ {[%clk 0:00:44]} Kxf3 {[%clk 0:27:57]} 84. Qh3+ {[%clk 0:01:09]} 1-0

[Event "DEM U16 2020"]
[Site "Willingen GER"]
[Date "2020.10.22"]
[Round "4"]
[White "Dahl, Christoph"]
[Black "Nguyen, Alex Dac-Vuong"]
[Result "1/2-1/2"]
[Termination "normal"]
[Board "7"]
[BlackTitle "FM"]
[WhiteElo "2262"]
[BlackElo "2343"]
[WhiteClock "00:13:56"]
[BlackClock "00:06:39"]
[PlyCount "75"]
[WhiteFideId "16240235"]
[BlackFideId "12984388"]
[EventCountry "GER"]
[EventRounds "7"]
[EventType "swiss"]
[EventDate "2020.10.19"]

1. e4 {[%clk 1:30:58]} c6 {[%clk 1:30:52]} 2. Nc3 {[%clk 1:30:45]} d5 {[%clk
1:31:16]} 3. Nf3 {[%clk 1:29:55]} Bg4 {[%clk 1:31:38]} 4. h3 {[%clk 1:29:03]}
Bxf3 {[%clk 1:32:02]} 5. Qxf3 {[%clk 1:29:26]} e6 {[%clk 1:32:25]} 6. d4 {[%clk
1:28:39]} dxe4 {[%clk 1:27:53]} 7. Qxe4 {[%clk 1:28:17]} Nf6 {[%clk 1:27:43]}
8. Qd3 {[%clk 1:27:48]} Nbd7 {[%clk 1:24:56]} 9. g3 {[%clk 1:22:29]} Bd6 {[%clk
1:10:40]} 10. Bg2 {[%clk 1:19:06]} O-O {[%clk 1:09:22]} 11. O-O {[%clk
1:18:54]} Qc7 {[%clk 1:09:33]} 12. Re1 {[%clk 1:11:50]} Rfe8 {[%clk 1:08:27]}
13. b3 {[%clk 1:00:58]} Rad8 {[%clk 1:01:40]} 14. Ne4 {[%clk 0:58:42]} Be7
{[%clk 0:45:53]} 15. Bf4 {[%clk 0:48:04]} Qb6 {[%clk 0:46:14]} 16. Nd6 {[%clk
0:47:16]} Bxd6 {[%clk 0:46:38]} 17. Bxd6 {[%clk 0:47:42]} e5 {[%clk 0:38:46]}
18. Rad1 {[%clk 0:41:16]} Re6 {[%clk 0:30:16]} 19. dxe5 {[%clk 0:32:46]} Nxe5
{[%clk 0:30:33]} 20. Qf5 {[%clk 0:32:12]} Rexd6 {[%clk 0:27:32]} 21. Rxd6
{[%clk 0:32:27]} Rxd6 {[%clk 0:27:54]} 22. Qxe5 {[%clk 0:31:42]} Qd8 {[%clk
0:27:10]} 23. Bf3 {[%clk 0:29:10]} Re6 {[%clk 0:22:03]} 24. Qc3 {[%clk
0:28:50]} Rxe1+ {[%clk 0:22:28]} 25. Qxe1 {[%clk 0:29:16]} h6 {[%clk 0:20:08]}
26. Qe3 {[%clk 0:29:10]} a6 {[%clk 0:19:29]} 27. c4 {[%clk 0:28:58]} Qc7 {[%clk
0:17:02]} 28. b4 {[%clk 0:27:10]} a5 {[%clk 0:16:03]} 29. a3 {[%clk 0:23:47]}
axb4 {[%clk 0:14:22]} 30. axb4 {[%clk 0:24:13]} Kf8 {[%clk 0:13:57]} 31. Qc5+
{[%clk 0:22:08]} Ke8 {[%clk 0:11:58]} 32. b5 {[%clk 0:21:11]} Nd7 {[%clk
0:12:06]} 33. Qe3+ {[%clk 0:20:59]} Kd8 {[%clk 0:12:17]} 34. Qa7 {[%clk
0:17:12]} cxb5 {[%clk 0:11:31]} 35. cxb5 {[%clk 0:17:34]} b6 {[%clk 0:11:52]}
36. Qa8+ {[%clk 0:16:48]} Ke7 {[%clk 0:12:14]} 37. Bc6 {[%clk 0:16:06]} Nc5
{[%clk 0:06:39]} 38. Qa1 {[%clk 0:13:56]} 1/2-1/2

[Event "DEM U16 2020"]
[Site "Willingen GER"]
[Date "2020.10.22"]
[Round "4"]
[White "Simukov, Erik"]
[Black "Dobrikov, Marco"]
[Result "0-1"]
[Termination "normal"]
[Board "8"]
[WhiteElo "2012"]
[BlackElo "2332"]
[WhiteClock "00:01:40"]
[BlackClock "00:24:00"]
[PlyCount "50"]
[WhiteFideId "12995380"]
[BlackFideId "12950378"]
[EventCountry "GER"]
[EventRounds "7"]
[EventType "swiss"]
[EventDate "2020.10.19"]

1. e4 {[%clk 1:30:58]} c5 {[%clk 1:30:57]} 2. Nf3 {[%clk 1:31:22]} d6 {[%clk
1:31:24]} 3. d4 {[%clk 1:31:39]} cxd4 {[%clk 1:31:51]} 4. Nxd4 {[%clk 1:31:50]}
Nf6 {[%clk 1:32:19]} 5. Nc3 {[%clk 1:31:46]} a6 {[%clk 1:32:46]} 6. Be2 {[%clk
1:31:34]} e5 {[%clk 1:33:11]} 7. Nb3 {[%clk 1:31:32]} Be7 {[%clk 1:33:36]} 8.
O-O {[%clk 1:30:40]} O-O {[%clk 1:34:02]} 9. Kh1 {[%clk 1:30:31]} Nc6 {[%clk
1:32:24]} 10. Be3 {[%clk 1:28:52]} b5 {[%clk 1:25:16]} 11. f4 {[%clk 1:10:13]}
Bb7 {[%clk 1:19:33]} 12. a3 {[%clk 0:57:21]} Rc8 {[%clk 1:15:35]} 13. Qd2
{[%clk 0:36:48]} exf4 {[%clk 1:08:48]} 14. Rxf4 {[%clk 0:37:05]} Ne5 {[%clk
1:08:57]} 15. Nd5 {[%clk 0:32:04]} Ng6 {[%clk 1:00:42]} 16. Bb6 {[%clk
0:20:12]} Qd7 {[%clk 0:57:24]} 17. Nxf6+ {[%clk 0:20:01]} Bxf6 {[%clk 0:57:48]}
18. Bg4 {[%clk 0:19:46]} Qc6 {[%clk 0:41:56]} 19. Bxc8 {[%clk 0:13:19]} Rxc8
{[%clk 0:37:26]} 20. Rxf6 {[%clk 0:06:54]} gxf6 {[%clk 0:37:53]} 21. Bd4 {[%clk
0:05:43]} Qxc2 {[%clk 0:35:30]} 22. Bxf6 {[%clk 0:02:31]} Qxe4 {[%clk 0:32:53]}
23. Rg1 {[%clk 0:01:50]} Re8 {[%clk 0:25:44]} 24. Nd4 {[%clk 0:01:46]} Qg4
{[%clk 0:24:39]} 25. Nc2 {[%clk 0:01:40]} Re2 {[%clk 0:24:00]} 0-1

[Event "DEM U16 2020"]
[Site "Willingen GER"]
[Date "2020.10.22"]
[Round "4"]
[White "Müller, Magnus"]
[Black "Khachatryan, Taron"]
[Result "1-0"]
[Termination "normal"]
[Board "9"]
[WhiteElo "2030"]
[BlackElo "2136"]
[WhiteClock "00:29:16"]
[BlackClock "01:05:13"]
[PlyCount "89"]
[WhiteFideId "16230060"]
[BlackFideId "16216598"]
[EventCountry "GER"]
[EventRounds "7"]
[EventType "swiss"]
[EventDate "2020.10.19"]

1. e4 {[%clk 1:30:47]} c5 {[%clk 1:30:53]} 2. Nf3 {[%clk 1:31:12]} d6 {[%clk
1:31:18]} 3. d4 {[%clk 1:31:36]} cxd4 {[%clk 1:31:43]} 4. Nxd4 {[%clk 1:32:02]}
Nf6 {[%clk 1:32:05]} 5. f3 {[%clk 1:32:24]} e6 {[%clk 1:31:25]} 6. c4 {[%clk
1:22:54]} Nc6 {[%clk 1:31:35]} 7. Nc3 {[%clk 1:22:42]} a6 {[%clk 1:31:37]} 8.
Be3 {[%clk 1:19:18]} Be7 {[%clk 1:31:19]} 9. Be2 {[%clk 1:10:54]} Qc7 {[%clk
1:30:03]} 10. O-O {[%clk 1:08:37]} O-O {[%clk 1:29:52]} 11. Rc1 {[%clk
1:08:33]} Nxd4 {[%clk 1:30:14]} 12. Bxd4 {[%clk 1:07:13]} h6 {[%clk 1:28:52]}
13. Qd2 {[%clk 1:02:01]} b6 {[%clk 1:26:50]} 14. b4 {[%clk 0:57:24]} Rd8 {[%clk
1:19:17]} 15. Kh1 {[%clk 0:53:50]} Bd7 {[%clk 1:18:56]} 16. Rfd1 {[%clk
0:52:51]} Be8 {[%clk 1:19:07]} 17. Qe1 {[%clk 0:43:34]} Qb7 {[%clk 1:18:07]}
18. Qf2 {[%clk 0:39:44]} b5 {[%clk 1:17:30]} 19. c5 {[%clk 0:32:02]} dxc5
{[%clk 1:13:10]} 20. Bxc5 {[%clk 0:32:18]} Rac8 {[%clk 1:12:26]} 21. Rxd8
{[%clk 0:24:56]} Rxd8 {[%clk 1:12:26]} 22. Rd1 {[%clk 0:25:09]} Rc8 {[%clk
1:12:03]} 23. e5 {[%clk 0:19:07]} Bxc5 {[%clk 0:58:31]} 24. bxc5 {[%clk
0:19:22]} Nd7 {[%clk 0:51:33]} 25. Ne4 {[%clk 0:19:04]} Qc7 {[%clk 0:51:01]}
26. f4 {[%clk 0:18:30]} Nxc5 {[%clk 0:50:08]} 27. Nd6 {[%clk 0:17:11]} Na4
{[%clk 0:41:36]} 28. Nxc8 {[%clk 0:15:48]} Qxc8 {[%clk 0:42:00]} 29. Bf3 {[%clk
0:14:46]} b4 {[%clk 0:38:26]} 30. Qd4 {[%clk 0:13:36]} Bb5 {[%clk 0:36:43]} 31.
Qxb4 {[%clk 0:11:20]} Qc5 {[%clk 0:35:15]} 32. Qxc5 {[%clk 0:07:41]} Nxc5
{[%clk 0:35:44]} 33. Rd8+ {[%clk 0:07:02]} Kh7 {[%clk 0:36:08]} 34. Kg1 {[%clk
0:07:23]} g6 {[%clk 0:36:17]} 35. Kf2 {[%clk 0:07:46]} Nd3+ {[%clk 0:36:40]}
36. Ke3 {[%clk 0:08:02]} Nb4 {[%clk 0:37:01]} 37. Rd2 {[%clk 0:07:03]} g5
{[%clk 0:34:32]} 38. g3 {[%clk 0:06:41]} gxf4+ {[%clk 0:34:26]} 39. gxf4 {[%clk
0:07:05]} Ba4 {[%clk 0:33:42]} 40. Be4+ {[%clk 0:05:02]} Kg7 {[%clk 0:34:04]}
41. a3 {[%clk 0:05:15]} Nc6 {[%clk 0:34:23]} 42. Rd6 {[%clk 0:02:07]} Na5
{[%clk 0:34:18]} 43. Rxa6 {[%clk 0:28:51]} Nc4+ {[%clk 1:04:47]} 44. Kd4 {[%clk
0:29:05]} Bb5 {[%clk 1:05:13]} 45. Ra7 {[%clk 0:29:16]} 1-0

[Event "DEM U16 2020"]
[Site "Willingen GER"]
[Date "2020.10.22"]
[Round "4"]
[White "Reimer, Philip"]
[Black "Skabs, Denis"]
[Result "0-1"]
[Termination "normal"]
[Board "10"]
[WhiteElo "1984"]
[BlackElo "1875"]
[WhiteClock "00:00:58"]
[BlackClock "00:11:26"]
[PlyCount "70"]
[WhiteFideId "16235860"]
[BlackFideId "16248449"]
[EventCountry "GER"]
[EventRounds "7"]
[EventType "swiss"]
[EventDate "2020.10.19"]

1. e4 {[%clk 1:30:57]} e5 {[%clk 1:30:56]} 2. Nf3 {[%clk 1:31:21]} Nc6 {[%clk
1:31:22]} 3. Bc4 {[%clk 1:31:47]} Nf6 {[%clk 1:31:48]} 4. Ng5 {[%clk 1:32:12]}
d5 {[%clk 1:32:14]} 5. exd5 {[%clk 1:32:38]} Na5 {[%clk 1:32:41]} 6. Bb5+
{[%clk 1:33:02]} c6 {[%clk 1:33:07]} 7. dxc6 {[%clk 1:33:27]} bxc6 {[%clk
1:33:33]} 8. Bd3 {[%clk 1:33:51]} Nd5 {[%clk 1:33:19]} 9. Nf3 {[%clk 1:34:11]}
Bd6 {[%clk 1:32:41]} 10. O-O {[%clk 1:34:30]} O-O {[%clk 1:32:56]} 11. Re1
{[%clk 1:34:52]} f5 {[%clk 1:32:43]} 12. Nxe5 {[%clk 1:31:56]} Qf6 {[%clk
1:33:08]} 13. Nf3 {[%clk 1:22:37]} g5 {[%clk 1:33:10]} 14. c3 {[%clk 1:09:15]}
g4 {[%clk 1:18:09]} 15. Nd4 {[%clk 1:08:56]} f4 {[%clk 1:01:52]} 16. Be4 {[%clk
0:33:58]} Bc7 {[%clk 0:44:11]} 17. d3 {[%clk 0:32:07]} Bd7 {[%clk 0:43:17]} 18.
b4 {[%clk 0:26:31]} Nxc3 {[%clk 0:32:23]} 19. Nxc3 {[%clk 0:23:08]} Qxd4 {[%clk
0:30:42]} 20. Bb2 {[%clk 0:18:30]} Qxb4 {[%clk 0:21:11]} 21. Rb1 {[%clk
0:11:32]} Qd6 {[%clk 0:20:33]} 22. Qc2 {[%clk 0:06:15]} Bf5 {[%clk 0:16:01]}
23. Bxf5 {[%clk 0:04:03]} Rxf5 {[%clk 0:16:26]} 24. Ne4 {[%clk 0:04:27]} Qd8
{[%clk 0:16:03]} 25. Nc5 {[%clk 0:03:37]} g3 {[%clk 0:14:44]} 26. hxg3 {[%clk
0:02:24]} fxg3 {[%clk 0:14:56]} 27. fxg3 {[%clk 0:02:45]} Rxc5 {[%clk 0:13:28]}
28. Qe2 {[%clk 0:01:57]} Qd7 {[%clk 0:11:44]} 29. Qe7 {[%clk 0:00:53]} Qxe7
{[%clk 0:11:25]} 30. Rxe7 {[%clk 0:01:18]} Bb6 {[%clk 0:10:51]} 31. Rg7+ {[%clk
0:01:33]} Kf8 {[%clk 0:11:09]} 32. Kf1 {[%clk 0:00:33]} Rf5+ {[%clk 0:11:15]}
33. Ke1 {[%clk 0:00:45]} Re8+ {[%clk 0:11:24]} 34. Kd2 {[%clk 0:01:05]} Rf2+
{[%clk 0:11:19]} 35. Kd1 {[%clk 0:00:58]} Rxb2 {[%clk 0:11:26]} 0-1

[Event "DEM U16 2020"]
[Site "Willingen GER"]
[Date "2020.10.22"]
[Round "4"]
[White "Weihrauch, Jakob"]
[Black "Zackrisson, Peter"]
[Result "1-0"]
[Termination "normal"]
[Board "11"]
[WhiteElo "2184"]
[BlackElo "1947"]
[WhiteClock "00:12:36"]
[BlackClock "00:16:10"]
[PlyCount "109"]
[WhiteFideId "16210115"]
[BlackFideId "16282078"]
[EventCountry "GER"]
[EventRounds "7"]
[EventType "swiss"]
[EventDate "2020.10.19"]

1. e4 {[%clk 1:30:58]} c5 {[%clk 1:30:50]} 2. Nf3 {[%clk 1:31:24]} d6 {[%clk
1:31:12]} 3. d4 {[%clk 1:31:49]} cxd4 {[%clk 1:31:38]} 4. Nxd4 {[%clk 1:32:13]}
Nf6 {[%clk 1:32:01]} 5. Nc3 {[%clk 1:32:33]} a6 {[%clk 1:32:10]} 6. h3 {[%clk
1:29:51]} e6 {[%clk 1:32:24]} 7. g4 {[%clk 1:30:08]} d5 {[%clk 1:32:47]} 8. e5
{[%clk 1:18:42]} Nfd7 {[%clk 1:31:23]} 9. Qe2 {[%clk 1:15:20]} Bc5 {[%clk
1:29:18]} 10. Be3 {[%clk 1:14:19]} Qb6 {[%clk 1:22:06]} 11. O-O-O {[%clk
1:14:25]} Qc7 {[%clk 1:13:49]} 12. f4 {[%clk 1:12:34]} Nc6 {[%clk 1:12:48]} 13.
Bg2 {[%clk 1:10:24]} Nxd4 {[%clk 1:10:41]} 14. Bxd4 {[%clk 1:10:47]} b5 {[%clk
1:09:56]} 15. Rhe1 {[%clk 0:54:07]} Nb6 {[%clk 0:58:28]} 16. Qf2 {[%clk
0:50:30]} Bxd4 {[%clk 0:56:10]} 17. Rxd4 {[%clk 0:49:34]} Bd7 {[%clk 0:50:01]}
18. f5 {[%clk 0:45:38]} O-O-O {[%clk 0:49:12]} 19. Rf4 {[%clk 0:29:40]} Kb8
{[%clk 0:34:52]} 20. Qd4 {[%clk 0:24:54]} Nc4 {[%clk 0:32:01]} 21. b3 {[%clk
0:23:58]} Na5 {[%clk 0:31:15]} 22. Kb2 {[%clk 0:23:05]} Be8 {[%clk 0:24:41]}
23. a4 {[%clk 0:18:14]} Nc6 {[%clk 0:22:12]} 24. Qc5 {[%clk 0:16:19]} Qa7
{[%clk 0:21:59]} 25. Qxa7+ {[%clk 0:16:23]} Nxa7 {[%clk 0:22:21]} 26. axb5
{[%clk 0:16:44]} axb5 {[%clk 0:20:44]} 27. Rb4 {[%clk 0:15:53]} Kc7 {[%clk
0:19:15]} 28. Ra1 {[%clk 0:14:38]} Kb6 {[%clk 0:16:43]} 29. Bf1 {[%clk
0:13:37]} h5 {[%clk 0:15:22]} 30. Na4+ {[%clk 0:11:52]} Kc6 {[%clk 0:15:33]}
31. Nc3 {[%clk 0:12:04]} Kb6 {[%clk 0:15:52]} 32. Rf4 {[%clk 0:11:40]} d4
{[%clk 0:13:18]} 33. Ne4 {[%clk 0:11:10]} Nc6 {[%clk 0:12:41]} 34. fxe6 {[%clk
0:10:31]} fxe6 {[%clk 0:12:43]} 35. Ng5 {[%clk 0:09:48]} Bd7 {[%clk 0:10:34]}
36. Re1 {[%clk 0:09:28]} Rdf8 {[%clk 0:09:48]} 37. Ree4 {[%clk 0:08:28]} hxg4
{[%clk 0:05:27]} 38. hxg4 {[%clk 0:08:54]} Kc5 {[%clk 0:05:33]} 39. Nf7 {[%clk
0:06:49]} Rh2 {[%clk 0:05:27]} 40. Bd3 {[%clk 0:06:53]} Kd5 {[%clk 0:02:05]}
41. Bxb5 {[%clk 0:03:20]} g5 {[%clk 0:20:29]} 42. Bxc6+ {[%clk 0:24:28]} Kxc6
{[%clk 0:20:53]} 43. Rf3 {[%clk 0:18:46]} Kd5 {[%clk 0:17:48]} 44. Nxg5 {[%clk
0:15:46]} Rxc2+ {[%clk 0:17:06]} 45. Kxc2 {[%clk 0:15:15]} Rxf3 {[%clk
0:17:28]} 46. Rxd4+ {[%clk 0:14:35]} Kxd4 {[%clk 0:17:50]} 47. Nxf3+ {[%clk
0:15:03]} Ke4 {[%clk 0:17:29]} 48. g5 {[%clk 0:09:36]} Kxf3 {[%clk 0:16:40]}
49. g6 {[%clk 0:10:04]} Be8 {[%clk 0:16:40]} 50. g7 {[%clk 0:10:32]} Bf7 {[%clk
0:17:01]} 51. Kd3 {[%clk 0:10:57]} Kf4 {[%clk 0:16:18]} 52. Kd4 {[%clk
0:11:23]} Kg5 {[%clk 0:16:18]} 53. b4 {[%clk 0:11:46]} Kh6 {[%clk 0:16:08]} 54.
b5 {[%clk 0:12:12]} Kxg7 {[%clk 0:16:10]} 55. b6 {[%clk 0:12:36]} 1-0